Mastermind - Taylor Swift Lyrics - Statistics

General Stats
  • This quiz has been taken 5 times
  • The average score is 313 of 338
Answer Stats
Answer % Correct
a
100%
accidental
100%
aligned
100%
all
100%
and
100%
as
100%
be
100%
been
100%
by
100%
'cause
100%
criminal
100%
design
100%
did
100%
effortless
100%
ended
100%
entire
100%
ever
100%
every
100%
face
100%
fail
100%
first
100%
gonna
100%
ground
100%
I
100%
if
100%
I'm
100%
in
100%
is
100%
it
100%
I've
100%
kid
100%
knew
100%
like
100%
lit
100%
little
100%
love
100%
make
100%
mastermind
100%
me
100%
mine
100%
no
100%
none
100%
nothing
100%
now
100%
of
100%
on
100%
Once
100%
one
100%
plan
100%
planets
100%
play
100%
same
100%
saw
100%
see
100%
seem
100%
since
100%
smile
100%
so
100%
stop
100%
that
100%
the
100%
them
100%
then
100%
this
100%
time
100%
to
100%
told
100%
up
100%
upon
100%
wanted
100%
was
100%
what
100%
with
100%
work
100%
you
100%
your
100%
you're
100%
at
75%
body
75%
born
75%
care
75%
cascaded
75%
chain
75%
checkmate
75%
clockwork
75%
confess
75%
couldn't
75%
do
75%
dominoes
75%
equation
75%
fates
75%
felt
75%
fuse
75%
game
75%
groundwork
75%
just
75%
laid
75%
line
75%
lose
75%
lover's
75%
my
75%
need
75%
night
75%
only
75%
our
75%
reaction
75%
room
75%
scheming
75%
smirk
75%
stars
75%
swear
75%
touch
75%
way
75%
we
75%
were
75%
wide
75%
yeah
75%
cocktails
50%
countermoves
50%
cryptic
50%
flowing
50%
for
50%
free
50%
had
50%
hand
50%
liqour
50%
pawn
50%
sails
50%
wind
50%
women
50%
assess
25%
ime
25%
machiavellian
25%
scene
25%
sets
25%
strategy
25%
tale
25%
wisest
25%
No matching quizzes found
Score Distribution
Percent of People with Each Score
Percentile by Number Answered
Your Score History
You have not taken this quiz